IELTS - 4 with answers : (Record no. 109421)
[ view plain ]
| 000 -LEADER | |
|---|---|
| fixed length control field | 00443nam a2200145 a 4500 |
| 005 - DATE AND TIME OF LATEST TRANSACTION | |
| control field | 20140414093843.0 |
| 008 - FIXED-LENGTH DATA ELEMENTS--GENERAL INFORMATION | |
| fixed length control field | 090320s19uu xx uuu eng d |
| 020 ## - INTERNATIONAL STANDARD BOOK NUMBER | |
| International Standard Book Number | 978-0521-54465-8 |
| 050 ## - LIBRARY OF CONGRESS CALL NUMBER | |
| Classification number | CD 420.7 |
| Item number | CAM 2005 |
| 100 ## - MAIN ENTRY--PERSONAL NAME | |
| Personal name | Cambridge |
| 245 ## - TITLE STATEMENT | |
| Title | IELTS - 4 with answers : |
| Remainder of title | examination papers from University of Cambridge ESOL Examinations / |
| Statement of responsibility, etc | Cambridge. |
| 260 ## - PUBLICATION, DISTRIBUTION, ETC. (IMPRINT) | |
| Name of publisher, distributor, etc | Cambridge University Press. |
| 942 ## - ADDED ENTRY ELEMENTS (KOHA) | |
| Koha item type | Audio Visual Materials |
| Withdrawn status | Lost status | Damaged status | Use restrictions | Home library | Current library | Shelving location | Date acquired | Source of acquisition | Cost, normal purchase price | Total Checkouts | Total Renewals | Full call number | Barcode | Date last seen | Date checked out | Price effective from | Koha item type |
|---|---|---|---|---|---|---|---|---|---|---|---|---|---|---|---|---|---|
| Luxembourg Library | Luxembourg Library | Audio Visual Material Section | 03/20/2009 | 892.00 | 1 | 1 | CD 420.7 CAM 2005 | AV1062 | 10/05/2017 | 09/18/2017 | 04/14/2014 | Audio Visual Materials |